Химические реакции в инверсионной вольтамперометрии многостадийных процессов; Электрохимические методы анализа

Dades bibliogràfiques
Parent link:Электрохимические методы анализа.— 1989.— С. 17-19
Autor principal: Карбаинов Ю. А. Юрий Александрович
Idioma:rus
Publicat: 1989
Matèries:
Format: MixedMaterials Capítol de llibre
KOHA link:https://koha.lib.tpu.ru/cgi-bin/koha/opac-detail.pl?biblionumber=250364

MARC

LEADER 00000naa2a2200000 4500
001 250364
005 20231031213132.0
035 |a (RuTPU)RU\TPU\book\272553 
035 |a RU\TPU\book\272551 
090 |a 250364 
100 |a 20140212d1989 k y0rusy50 ca 
101 0 |a rus 
102 |a RU 
200 1 |a Химические реакции в инверсионной вольтамперометрии многостадийных процессов  |f Ю. А. Карбаинов 
463 0 |0 (RuTPU)RU\TPU\book\270153  |t Электрохимические методы анализа  |o тезисы III Всесоюзной конференции по электрохимическим методам анализа  |v С. 17-19  |d 1989  |p 482 с. 
610 1 |a химические реакции 
610 1 |a инверсионная вольтамперометрия 
610 1 |a многостадийные процессы 
610 1 |a труды учёных ТПУ 
700 1 |a Карбаинов  |b Ю. А.  |c российский электрохимик и электроаналитик  |c профессор Томского политехнического университета  |f 1940-2007  |g Юрий Александрович  |2 stltpush  |3 (RuTPU)RU\TPU\pers\15852 
801 1 |a RU  |b 63413507  |c 20050531  |g PSBO 
801 2 |a RU  |b 63413507  |c 20140212  |g PSBO 
942 |c BK